000 00641nam a2200241Ia 4500
003 OSt
005 20221007110355.0
006 a|||||r|||| 00| 0
007 ta
008 221006b |||||||| |||| 00| 0 eng d
024 _a21,002
037 _cTextual
040 _aLCO
_cLCO
_beng
041 _2eng
_aeng
082 _aZk2, K2
100 _aDutch R.A.
_9707395
245 0 _aRoget's Thesaurus of English Words and Phrases
260 _aMiddlesex
_bPenguin Books Ltd. U.K.
_c1962
300 _a712+10
650 _aWORDS AND PHRASES
_9707396
942 _hZk2, K2
_cTEXL
999 _c1190565
_d1190565